Исследование по разработке фотометрических методов определения кремния и фосфора в нефтях и нефтепродуктах. Анализ нефтепродуктов и нефтей по заказу Омского нефтеперерабатывающего комбината: Заключительный отчет о НИР

Bibliographic Details
Corporate Author: Томский политехнический институт (ТПИ) (595)
Other Authors: Карбаинов Ю. А. Юрий Александрович (руководитель)
Language:Russian
Published: Томск, 1972
Subjects:
Format: Book
KOHA link:https://koha.lib.tpu.ru/cgi-bin/koha/opac-detail.pl?biblionumber=166803

MARC

LEADER 00000nbm0a2200000 4500
001 166803
005 20231031162603.0
029 0 0 |a SU  |b 72018962  |f ТПУ 
035 |a (RuTPU)RU\TPU\book\180934 
090 |a 166803 
100 |a 20091007d1972 k y0rusy50 ca 
101 0 |a rus 
102 |a RU 
105 |a a p 001zy 
200 1 |a Исследование по разработке фотометрических методов определения кремния и фосфора в нефтях и нефтепродуктах. Анализ нефтепродуктов и нефтей по заказу Омского нефтеперерабатывающего комбината  |e Заключительный отчет о НИР  |f Томский политехнический институт (ТПИ) ; руководитель Ю. А. Карбаинов 
210 |a Томск  |d 1972 
215 |a 66 л. 
320 |a Библиогр.: с. 66. 
610 1 |a отчеты о НИР 
610 1 |a нефть 
610 1 |a нефтепродукты 
610 1 |a кремний 
610 1 |a фосфор 
610 1 |a фотометрические методы 
610 1 |a определение 
610 1 |a анализ 
675 |a 665.5:543(04)  |v 3 
675 |a 545.8(04)  |v 3 
702 1 |a Карбаинов  |b Ю. А.  |c российский электрохимик и электроаналитик  |c профессор Томского политехнического университета  |f 1940-  |g Юрий Александрович  |2 stltpush  |3 (RuTPU)RU\TPU\pers\15852  |4 673 
712 0 2 |a Томский политехнический институт (ТПИ)  |c (1944-1991)  |2 stltpush  |3 (RuTPU)RU\TPU\col\1123  |4 595 
801 1 |a RU  |b 63413507  |c 20091007 
942 |c BK